Mill on the floss: An authoritative text backgrounds and contemporary reactions criticism (Record no. 144024)

MARC details
000 -LEADER
fixed length control field 00416nam a2200145Ia 4500
008 - FIXED-LENGTH DATA ELEMENTS--GENERAL INFORMATION
fixed length control field 230917s9999||||xx |||||||||||||| ||und||
040 ## - CATALOGING SOURCE
-- 115630
Original cataloging agency VIVEKANANDA LIBRARY
041 ## - Language
-- English
082 ## - DDC NUMBER
Classification number 823.7 E44M
100 ## - MAIN ENTRY--PERSONAL NAME
Personal name Eliot, George
245 #0 - TITLE STATEMENT
Title Mill on the floss: An authoritative text backgrounds and contemporary reactions criticism
260 ## - PUBLICATION, DISTRIBUTION, ETC. (IMPRINT)
Place of publication, distribution, etc New York
Name of publisher, distributor, etc W W Norton
Date of publication, distribution, etc 1994
300 ## - PHYSICAL DESCRIPTION
Pages vii, 613 p.
942 ## - ADDED ENTRY ELEMENTS (KOHA)
Koha item type Books
Holdings
Withdrawn status Lost status Damaged status Not for loan Location (home branch) Sublocation or collection (holding branch) Date acquired Koha issues (times borrowed) Koha full call number Accession No. Koha date last seen Koha item type
        VIVEKANANDA LIBRARY VIVEKANANDA LIBRARY 10/05/2008 3 823.7 E44M 257059 08/04/2024 Books
        VIVEKANANDA LIBRARY VIVEKANANDA LIBRARY 10/05/2008   823.7 E44M 257060 17/09/2023 Books
        VIVEKANANDA LIBRARY VIVEKANANDA LIBRARY 10/05/2008   823.7 E44M 257061 17/09/2023 Books
        VIVEKANANDA LIBRARY VIVEKANANDA LIBRARY 10/05/2008 1 823.7 E44M 257062 03/01/2024 Books
        VIVEKANANDA LIBRARY VIVEKANANDA LIBRARY 10/05/2008 2 823.7 E44M 257724 25/01/2024 Books
© Designed and Maintained by Vivekananda Library, MDU Rohtak